<?xml version="1.0" encoding="UTF-8"?>
<record
    xmlns:xsi="http://www.w3.org/2001/XMLSchema-instance"
    xsi:schemaLocation="http://www.loc.gov/MARC21/slim http://www.loc.gov/standards/marcxml/schema/MARC21slim.xsd"
    xmlns="http://www.loc.gov/MARC21/slim">

  <leader>00803cam a2200229   4500</leader>
  <controlfield tag="001">sa 68017497 </controlfield>
  <controlfield tag="003">DLC</controlfield>
  <controlfield tag="005">20260227112703.0</controlfield>
  <controlfield tag="008">710520s1965    ii abc        00000 eng  </controlfield>
  <datafield tag="010" ind1=" " ind2=" ">
    <subfield code="a">sa 68017497 //r85</subfield>
  </datafield>
  <datafield tag="025" ind1=" " ind2=" ">
    <subfield code="a">PL480:I-E-9985</subfield>
  </datafield>
  <datafield tag="043" ind1=" " ind2=" ">
    <subfield code="a">a-ii---</subfield>
  </datafield>
  <datafield tag="050" ind1="0" ind2=" ">
    <subfield code="a">TK1504.M9</subfield>
    <subfield code="b">A4</subfield>
  </datafield>
  <datafield tag="082" ind1=" " ind2=" ">
    <subfield code="a">621.312/134/095487</subfield>
  </datafield>
  <datafield tag="110" ind1="1" ind2="0">
    <subfield code="a">Mysore (India : State)</subfield>
  </datafield>
  <datafield tag="245" ind1="1" ind2="0">
    <subfield code="a">Sharavathy Valley hydro-electric project;</subfield>
    <subfield code="b">commissioning of the Sharavathy Power Station</subfield>
    <subfield code="c">by Shri Lal Bahadur Shastri, Prime Minister of India, on 24th January, 1965.</subfield>
  </datafield>
  <datafield tag="260" ind1="0" ind2=" ">
    <subfield code="a">[Bangalore,</subfield>
    <subfield code="b">Govt. Press,</subfield>
    <subfield code="c">1965?]</subfield>
  </datafield>
  <datafield tag="300" ind1=" " ind2=" ">
    <subfield code="a">95 p.</subfield>
    <subfield code="b">illus., maps (part col.), ports.</subfield>
    <subfield code="c">17 x 25 cm.</subfield>
  </datafield>
  <datafield tag="350" ind1=" " ind2=" ">
    <subfield code="a">5.00</subfield>
  </datafield>
  <datafield tag="650" ind1=" " ind2="0">
    <subfield code="a">Hydroelectric power plants</subfield>
    <subfield code="z">India</subfield>
    <subfield code="z">Mysore.</subfield>
  </datafield>
  <datafield tag="700" ind1="1" ind2="0">
    <subfield code="a">Shastri, Lal Bahadur,</subfield>
    <subfield code="d">1904-1966.</subfield>
  </datafield>
  <datafield tag="999" ind1=" " ind2=" ">
    <subfield code="c">87754</subfield>
    <subfield code="d">87754</subfield>
  </datafield>
</record>
